Overwatch - Héros par leurs descriptions officielles - Statistiques

Statistiques générales
  • Ce quiz a été pris 189 fois
    106 depuis la dernière actualisation
  • Le résultat moyen est 35 sur 42
Statistiques - réponses
Hint Réponse % Correct
Par la maîtrise de ses techniques d’archer et d’assassin, _____ cherche à se prouver qu’il est un guerrier sans égal. Hanzo
100%
_____ est un moine omniaque qui parcourt le monde en quête d’éveil spirituel. On dit de ceux qui le croisent qu’ils sont changés à jamais. Zenyatta
100%
_____ est l’une des femmes les plus fortes au monde, une athlète reconnue qui a sacrifié sa gloire personnelle pour protéger sa famille, ses amis et sa patrie en temps de guerre. Zarya
99%
_____ est la cheffe du gang Deadlock, un groupe de malfaiteurs qui opère dans le sud-ouest des États-Unis. Ashe
96%
Certains parlent d’un terroriste vêtu de noir dont on ne connaît que le surnom : _____. Son identité et ses intentions restent un mystère. On sait toutefois que là où il apparaît, la mort ne tarde jamais à suivre. Faucheur
96%
Assemblée à partir d’anciens robots OR15 assignés à la défense de Numbani, _____ est la nouvelle protectrice de la ville, bien qu’il lui reste encore beaucoup à apprendre. Orisa
96%
Sommité parmi les hackers, _____ se sert des informations qu’elle dérobe pour manipuler les puissants de ce monde. Sombra
96%
_____ est une climatologue qui a décidé de se battre activement pour préserver l’environnement et protéger le monde. Mei
92%
Aussi brillante que controversée, _____, scientifique travaillant pour La Griffe, est à la pointe de l’ingénierie génétique. Toutes ses recherches visent à modifier la structure même des composants biologiques fondamentales. Moira
92%
A son apogée, Overwatch possédait un arsenal parmi les plus avancés de la planète, dont la majorité des pièces pouvaient être attribuées à l’atelier d’un génial ingénieur, _____. Torbjörn
92%
_____ est un guerrier samoan charismatique et rusé. Il s’épanouit sur le champ de bataille et vit chaque jour comme s’il s’agissait du dernier. Mauga
90%
_____ est piloté par Hammond, un hamster génétiquement modifié d’une grande intelligence, qui explore le monde en quête d’aventures. Bouldozer
88%
_____, écuyère de Reinhart Wilhelm, est une ancienne ingénieure en génie mécanique qui a pris les armes et est montée au front, afin de protéger le monde. Brigitte
88%
_____ est un junker obsédé par les explosifs qui ne vit que pour le chaos et la destruction. Chacal
88%
Ses qualités d’ancienne joueuse professionnelle confèrent à _____ les aptitudes nécessaires au pilotage d’un méca ultra-moderne au service de son pays. D.va
88%
_____ est un artiste et une célébrité internationale qui, par sa musique et ses actions, œuvre pour le changement social. Lúcio
88%
La vie de l’éminent astrophysicien Siebren de Kuiper a brutalement basculé lors d’une expérience qui a mal tourné. Désormais doté de la capacité à contrôler la gravité, il est manipulé par La Griffe qui l’utilise pour arriver à ses fins. Sigma
88%
Véritable bienfaitrice pour ceux qu’elle prend sous son aile, _____ est une soignante hors-pair, doublée d’une scientifique brillante et d’une fervente partisane de la paix. Ange
86%
Secouriste militaire d’élite et ancien agent de La Griffe, _____ utilise désormais ses compétences pour aider ceux que la guerre a le plus durement touchés. Baptiste
86%
Autrefois combattant de première ligne lors de la crise des Omniums, ce curieux automate _____ explore à présent le monde, fasciné par la nature mais se méfiant d’une humanité qui le craint. Bastion
86%
_____ peut littéralement altérer la réalité. En manipulant des assemblages photoformés, elle façonne le monde comme elle souhaiterait qu’il soit, dans l’espoir de concevoir une société parfaite. Symmetra
86%
Suite à la chute du clan Shimada, _____ lutte pour restaurer la paix à Kanezaka. Kiriko
85%
Ancienne habitante du désert, Odessa Stone, dite “Dez”, règne sur Junkertown avec un sourire carnassier et une main de fer. Reine des Junkers
85%
L’ancien agent d’Overwatch, connu sous le pseudonyme de _____, est une aventurière capable de se déplacer dans le temps ainsi qu’une force irrépressible au service du bien. Tracer
85%
Scientifique, artiste, activiste, _____ allie la beauté de la nature à l’utilité de la science. Il a pour rêve de guérir le monde. Vital
83%
_____ met à profit sa technologie spatiale pour résoudre tous les problèmes qui se présentent à elle. Juno
82%
Archéologue enthousiaste en quête de secrets d’histoire, _____ utilise ses outils d’excavation pour explorer le passé… et repousser celles et ceux qui voudraient l’en empêcher. Venture
82%
_____ se présente comme un champion d’un âge révolu, qui règle sa vie sur les valeurs chevaleresques de la vertu, de la justice et du courage. Reinhardt
81%
Gorille génétiquement modifié et supérieurement intelligent, _____ est un brillant chercheur et un fervent défenseur du génie de l’humanité. Winston
81%
_____ est l’assassin parfait : patiente, efficace, impitoyable, qui ne laisse jamais transparaître aucune émotion ni n’exprime le moindre remords. Fatale
79%
Grâce à la technologie d’entrelacement solaire dont elle a bénéficié, _____ emploie la puissance du soleil contre ses adversaires. Illari
79%
_____ a été bien des choses : un soldat, un moine, un révolutionnaire. Désormais, il mène le Secteur Zéro et se bat pour le peuple omniaque, quel qu’en soit le coût. Ramattra
79%
Programmée et conçue à Overwatch par le docteur Mina Llao, _____ est un robot doté d’une intelligence artificielle s’adaptant très rapidement. Echo
78%
_____, l’un des dirigeants de La Griffe, entend bien plonger le monde dans un nouveau conflit, dont il est persuadé que l’humanité ressortira plus forte. Doomfist
76%
Armé de son fidèle Pacificateur, le hors-la-loi _____ administre la justice à sa façon. Cassidy
75%
Ancienne numéro deux d’Overwatch, _____ met son talent et son expertise au service de la défense de sa patrie et de ses proches. Ana
72%
Objet d’une chasse à l’homme à l’échelle planétaire, le justicier connu sous le nom de _____ se bat ardemment pour que la vérité soit faite sur la chute d’Overwatch Soldat : 76
72%
Le sens du devoir coule dans les veines de _____. Elle descend d’une longue lignée de militaires décorés et brûle du désir de servir à son tour avec honneur. Pharah
71%
Principalement composée d’améliorations cybernétiques, _____ est une tacticienne hors-pair dotée d’une morale sans faille, ce qui en fait une alliée indispensable… ou une ennemie redoutable. Sojourn
71%
_____ a fait la paix avec le corps bionique qu’il rejetait jadis, et ce faisant, il a découvert une humanité supérieure. Genji
63%
Assassin impitoyable, _____ jouit en outre d’une solide réputation en matière de cruauté et de saccage. Chopper
58%
Agitateur radical, _____ s’est vite forgé une solide réputation au sein de la pègre et combat pour détruire le système. Danger
58%
Aucun quiz correspondant
Distribution des résultats
% des personnes avec chaque résultat
Percentile par nombre de réponses
Votre historique - résultats
Vous n’avez pas pris ce quiz depuis la dernière actualisation